000 00647nam a2200241Ia 4500
003 OSt
005 20221005133546.0
006 a|||||r|||| 00| 0
007 ta
008 221004b |||||||| |||| 00| 0 hin d
024 _a109217
037 _cTextual
040 _aCRL
_cCRL
_bhin
041 _2hin
_ahin
082 _aO152,1:g, K3
245 0 _aकाव्यशास्त्रीय निबंध
246 _aKāvyashāstrīya nibandha
260 _c1963
300 _a183पृ0
_ccm.
650 _aहिन्दी साहित्य
942 _hO152,1:g, K3
_cTEXL
_2cc
999 _c1067210
_d1067210